Deutsche Städte mit den meisten Studierenden - Statistiken

Allgemein
  • Dieses Quiz wurde 285 mal gespielt
  • Das Durchschnittsergebnis liegt bei 8 aus 10
Antwortstatistiken
Studierende Stadt % Korrekt
196.776 Berlin
100%
93.398 Hamburg
98%
134.834 München
98%
98.265 Köln
95%
52.635 Stuttgart
89%
68.817 Frankfurt am Main
86%
52.318 Düsseldorf
80%
61.339 Münster
57%
53.970 Bochum
46%
57.896 Aachen
45%
Keine übereinstimmenden Quizze gefunden
Verteilung der Resultate
Anzahl Personen mit jedem Resultat
Perzentil nach korrekt beantworteten Fragen
Ihre Resultats-Entwicklung
Sie haben dieses Quiz noch nicht gespielt